| 000 | 01728cam a2200385 4500 | ||
|---|---|---|---|
| 001 | ABS64095 | ||
| 008 | 000000n2001 000 0 eng u | ||
| 035 | _a(Sirsi) u113035 | ||
| 100 | _aHoltum, I. | ||
| 245 | _aDuties of care for latent damage in building cases | ||
| 260 | _c2001 | ||
| 490 |
_aNew Law Journal _v151(6985) 754-755(2) |
||
| 520 | _aReviews recent case law concerning whether or not a builder or consultant owes a duty of care in negligence to the subsequent purchaser of a property who suffers economic loss as a result of latent defects. Concludes that a claimant showing reasonable reliance on a certificate can succeed but that a claimant relying on a defendant's acts can only recover losses to others and their property. The negligent statements of construction professionals in such circumstances are, however, more dangerous than their negligent acts. | ||
| 590 | _aABS | ||
| 650 | _aANNS AND OTHERS V MERTON LBC | ||
| 650 | _aBAXALL SECURITIES LTD AND ANOTHER V SHEARD WALSHAW PARTNERSHIP | ||
| 650 | _aBELLEFIELD COMPUTER SERVICES LTD AND OTHERS V E TURNER AND SONS | ||
| 650 | _aBUILDERS | ||
| 650 | _aCONSTRUCTION PROFESSIONALS | ||
| 650 | _aCONSULTANTS | ||
| 650 | _aCONSULTANTS LIABILITIES | ||
| 650 | _aDEFECTIVE PREMISES ACT 1972 | ||
| 650 | _aHEDLEY BRYNE & CO V HELLER & PARTNERS LTD | ||
| 650 | _aLATENT DAMAGE | ||
| 650 | _aLATENT DAMAGE ACT 1986 S3 | ||
| 650 | _aLATENT DEFECTS | ||
| 650 | _aLATENT DEFECTS LIABILITY | ||
| 650 | _aLIABILITY | ||
| 650 | _aLIMITATION ACT 1980 S14A | ||
| 650 | _aNEGLIGENCE | ||
| 650 | _aMURPHY V BRENTWOOD DC | ||
| 650 | _aPAYNE AND OTHERS V JOHN SETCHELL LTD | ||
| 690 | _aBUILDING AND CONSTRUCTION-LAW | ||
| 942 | _n0 | ||
| 999 |
_c67281 _d67281 |
||